| 000 | 00648nam a22001817a 4500 | ||
|---|---|---|---|
| 003 | OSt | ||
| 005 | 20130425190843.0 | ||
| 008 | 130425b2003 sp ||||| |||| 00| 0 cat d | ||
| 040 | _cCDMR | ||
| 100 | 1 |
_93285 _aColomer i Espinet, Albert |
|
| 245 | 1 | 0 |
_aPassos i costos _b: per posar en marxa un projecte d'autoocupació _cAlbert Colomer i Espinet, Fundació Privada per a la Promoció de l'Autoocupació de Catalunya |
| 250 | _a6a ed. | ||
| 260 |
_aBarcelona _bGeneralitat de Catalunya |
||
| 260 |
_b Fundació Privada per ala Promoció de l'Autoocupació de Catalunya _c2003 |
||
| 300 | _a272 p. | ||
| 650 | 0 | 4 |
_93077 _aEmprenedoria |
| 942 |
_2udc _cMON |
||
| 999 |
_c6140 _d6140 |
||